|
|
|
|
| LEADER |
00000nam0a2200000 4500 |
| 001 |
144998 |
| 005 |
20231031143908.0 |
| 010 |
|
|
|a 5761902583
|
| 035 |
|
|
|a (RuTPU)RU\TPU\book\157153
|
| 090 |
|
|
|a 144998
|
| 100 |
|
|
|a 20081010d2007 km y0rusy50 ca
|
| 101 |
0 |
|
|a rus
|
| 102 |
|
|
|a RU
|
| 105 |
|
|
|a a z 001zy
|
| 200 |
1 |
|
|a Физическая природа гравитации и других взаимодействий
|f И. Г. Железнов
|
| 210 |
|
|
|a Москва
|c Белые альвы
|d 2007
|
| 215 |
|
|
|a 208 с.
|c ил.
|
| 320 |
|
|
|a Литература: с. 198-199.
|
| 330 |
|
|
|a Результаты исследований показали, что гравитационных полей не существует, а явление гравитации возникает вследствие ассиметричной реакции нуклонов и электронов, входящих в состав взаимодействующих объектов, на те потоки эфира, электромагнитных и звуковых волн, которые создают все материальные тела вселенной в данное время в данной области мирового пространства. Эфир представляет собой разреженный газ, в котором может образовываться и длительное время существовать только один единственный вихрь. Этот вихрь имеет инерционную массу, вполне конкретные геометрические размеры и является той самой элементарной частицей (частица Планка), из которой состоят все материальные образования. В эфире волны малого давления (звуковые волны), а также потоки его частиц распространяются со скоростью света. Установлено, что электрических, магнитных и гравитационных зарядов не существует, а все известные силы взаимодействия материальных тел, включая ядерные силы, являются результатом коллективного взаимодействия частиц Планка, расположенных в поверхностных (а точнее, гравитирующих) слоях нуклонов и электронов. Поэтому все взаимодействия имеют одну и ту же природу своего возникновения - механическую.
|
| 610 |
1 |
|
|a гравитация
|
| 610 |
1 |
|
|a материя
|
| 610 |
1 |
|
|a агрегатные состояния
|
| 610 |
1 |
|
|a частицы Планка
|
| 610 |
1 |
|
|a электростатические поля
|
| 610 |
1 |
|
|a водород
|
| 610 |
1 |
|
|a атомы
|
| 610 |
1 |
|
|a сильные взаимодействия
|
| 675 |
|
|
|a 531.5
|v 3
|
| 700 |
|
1 |
|a Железнов
|b И. Г.
|g Игорь Григорьевич
|
| 801 |
|
1 |
|a RU
|b 63413507
|c 20081010
|g PSBO
|
| 801 |
|
2 |
|a RU
|b 63413507
|c 20150515
|g PSBO
|
| 942 |
|
|
|c BK
|